Chile entre el protagonismo productivo de pieles de ganados menores y el rezago comercial competitivo regional: Análisis a partir de una red mercantil local/regional (Finales del siglo XVIII)

En las dos últimas décadas del siglo XVIII el virreinato del Río de la Plata aumentó la exportación de cueros hacia ultramar, resultado de la captura productiva de los mercados internos y del nexo de los comerciantes locales con la metrópoli. Algo semejante ocurrió en Perú, al comercializar cueros p...

Descripción completa

Detalles Bibliográficos
Autor principal: Soler, Consuelo
Formato: Analitica de revista
Lenguaje:español
Publicado: Santiago, Chile: Universidad Academia de Humanismo Cristiano, 2016.
Materias:
Acceso en línea:Disponible en línea (PDF) Biblioteca Digital UAHC

MARC

LEADER 00000cab a2200000 a 4500
001 044520
003 UAHC_CL
005 20210909180420.0
008 180326s2016 cl f 000 spa
952 |0 0  |1 0  |4 0  |6 TIEMPO_HISTORICO_13_160000000000000  |7 0  |8 COMP  |9 89619  |a BC  |b BC  |c Hemeroteca  |d 2018-03-28  |e DIRECTA  |l 0  |o TIEMPO HISTORICO 13/16  |r 2018-03-28 00:00:00  |w 2018-03-28  |y REVA 
999 |c 50477  |d 50477 
040 |a UAHC_CL  |c UAHC_CL  |d UAHC_CL 
100 |9 2659  |a Soler, Consuelo 
245 |a Chile entre el protagonismo productivo de pieles de ganados menores y el rezago comercial competitivo regional:  |b Análisis a partir de una red mercantil local/regional (Finales del siglo XVIII)  |c Consuelo Soler. 
260 |a Santiago, Chile:  |b Universidad Academia de Humanismo Cristiano,  |c 2016. 
300 |a p. 39-62 
500 |a En: Tiempo Histórico. No. 13, julio - diciembre 2016. pp. 39-62. ISSN. 0718-7432. 
520 |a En las dos últimas décadas del siglo XVIII el virreinato del Río de la Plata aumentó la exportación de cueros hacia ultramar, resultado de la captura productiva de los mercados internos y del nexo de los comerciantes locales con la metrópoli. Algo semejante ocurrió en Perú, al comercializar cueros producidos localmente y en áreas de su influencia hacia la América septentrional. En ese contexto, el estudio resalta cómo a partir de esta división operativa, los tradicionales proveedores subregionales quedaron en desventaja para ofertar sus pieles de ganados menores. Por correspondencia privada y fuentes institucionales, se analiza la dinámica interna de la producción, distribución, tráfico y comercialización principalmente de cordobanes, desde los lugares productivos de origen hacia las plazas o mercados comercializables. En síntesis, se argumentan los factores que explican dónde y por qué los famosos cordobanes, badanas y pellones chilenos rezagaron sus exportaciones interregionales. 
651 0 |9 2712  |a Chile  |x Comercio  |x Historia  |y Siglo 18 
856 |y Disponible en línea (PDF) Biblioteca Digital UAHC  |u http://bibliotecadigital.academia.cl/xmlui/handle/123456789/4024 
900 |a TIEMPO HISTORICO-13/16 
942 |c REVA  |2 ddc